[Event "RUS-chT 25th"]
[Site "Sochi"]
[Date "2018.05.08"]
[Round "7.6"]
[White "Goganov, Aleksey"]
[Black "Vdovin, Maxim"]
[Result "1-0"]
[WhiteElo "2572"]
[BlackElo "2139"]
[PlyCount "63"]
[EventDate "2018.05.01"]
[EventType "team-tourn"]
[EventRounds "9"]
[EventCountry "RUS"]
[SourceTitle "CBM 184 Extra"]
[Source "ChessBase"]
[SourceDate "2018.06.28"]
[SourceVersion "1"]
[SourceVersionDate "2018.06.28"]
[SourceQuality "1"]
[WhiteTeam "St Petersburg Bronze Horseman"]
[BlackTeam "Samara Zhiguli"]
[WhiteTeamCountry "RUS"]
[BlackTeamCountry "RUS"]

1. d4 Nf6 2. c4 e6 3. Nf3 b6 4. g3 Bb7 5. Bg2 Be7 6. 0-0 0-0 7. Nc3 Ne4 8. Bd2 d6 9. d5 Nxc3 10. Bxc3 e5 11. b4 Nd7 12. e4 a5 13. a3 axb4 14. axb4 Ba6 15. Qe2 Qc8 16. Bh3 Rd8 17. Ra2 Bb7 18. Rfa1 Rxa2 19. Qxa2 c5 20. Qa4 Qc7 21. Qb5 Nf6 22. bxc5 Qxc5 23. Qxc5 bxc5 24. Ra7 Rb8 25. Nxe5 Nxe4 26. Nc6 Bxc6 27. dxc6 Re8 28. Ba5 d5 29. c7 Nd6 30. cxd5 c4 31. c8Q Nxc8 32. Bxc8 1-0

[Event "RUS-chT 25th"]
[Site "Sochi"]
[Date "2018.05.02"]
[Round "2.6"]
[White "Vdovin, Maxim"]
[Black "Ofitserian, Boris"]
[Result "0-1"]
[WhiteElo "2139"]
[BlackElo "2421"]
[PlyCount "70"]
[EventDate "2018.05.01"]
[EventType "team-tourn"]
[EventRounds "9"]
[EventCountry "RUS"]
[SourceTitle "CBM 184 Extra"]
[Source "ChessBase"]
[SourceDate "2018.06.28"]
[SourceVersion "1"]
[SourceVersionDate "2018.06.28"]
[SourceQuality "1"]
[WhiteTeam "Samara Zhiguli"]
[BlackTeam "Moscow Region"]
[WhiteTeamCountry "RUS"]
[BlackTeamCountry "RUS"]

1. d4 Nf6 2. Nf3 g6 3. g3 Bg7 4. Bg2 d5 5. 0-0 0-0 6. Nbd2 c6 7. c4 a5 8. Re1 a4 9. Ne5 Bf5 10. e4 dxe4 11. Nxe4 Nxe4 12. Bxe4 Bxe5 13. Bxf5 Bxd4 14. Bc2 Qb6 15. Rxe7 Bxf2+ 16. Kh1 Bc5 17. Re2 Rd8 18. Rd2 Bd4 19. Bxa4 c5 20. Rd3 Qe6 21. Bb5 Nd7 22. Bf4 Nf6 23. Bg5 Ne4 24. Be3 Bxe3 25. Rxd8+ Kg7 26. Kg2 Nf2 27. Rxa8 Nxd1 28. Rxd1 Qe4+ 29. Kh3 Qf5+ 30. Kg2 Qc2+ 31. Kf3 Qf2+ 32. Ke4 Qe2 33. Rd5 f5+ 34. Ke5 Bf4+ 35. Kxf4 Qe4+ 0-1

[Event "Dvorkovich Memorial op"]
[Site "Taganrog"]
[Date "2018.01.17"]
[Round "3"]
[White "Murzina, Agata"]
[Black "Vdovin, Maxim"]
[Result "0-1"]
[WhiteElo "1685"]
[BlackElo "2151"]
[PlyCount "118"]
[EventDate "2018.01.15"]
[EventType "swiss"]
[EventRounds "9"]
[EventCountry "RUS"]
[SourceTitle "CBM 182 Extra"]
[Source "ChessBase"]
[SourceDate "2018.02.23"]
[SourceVersion "1"]
[SourceVersionDate "2018.02.23"]
[SourceQuality "1"]

1. e4 e5 2. Nf3 Nf6 3. Nxe5 d6 4. Nf3 Nxe4 5. d4 d5 6. Bd3 Bd6 7. c4 c6 8. Nc3 Nxc3 9. bxc3 dxc4 10. Bxc4 0-0 11. 0-0 Bg4 12. h3 Bh5 13. Be2 Nd7 14. c4 Re8 15. Bb2 Qe7 16. Bd3 Qf6 17. g4 Bg6 18. Bxg6 Qxg6 19. Qb3 h5 20. Nh4 Qg5 21. Nf3 Qf4 22. Bc1 Qf6 23. g5 Qf5 24. Kg2 Re4 25. Rh1 b6 26. Be3 Rae8 27. Qa4 Rxe3 28. fxe3 Rxe3 29. Raf1 Qf4 30. Rf2 Qg3+ 31. Kf1 Rxf3 32. Rxf3 Qxf3+ 33. Kg1 Bf4 34. Qc2 Be3+ 35. Kh2 Bf2 36. Rg1 Bxg1+ 37. Kxg1 Qg3+ 38. Kf1 Qxh3+ 39. Ke1 Qh1+ 40. Kd2 Qg2+ 41. Kc3 Qxc2+ 42. Kxc2 Kh7 43. Kd3 Kg6 44. Ke4 Kxg5 45. Kf3 Kf5 46. d5 cxd5 47. cxd5 g5 48. a4 a6 49. d6 h4 50. a5 bxa5 51. Kg2 a4 52. Kh3 a3 53. Kg2 a2 54. Kh3 a1Q 55. Kg2 Qe1 56. Kh2 g4 57. Kg2 h3+ 58. Kh2 Qf2+ 59. Kh1 Qg2# 0-1

[Event "Samara Polugaevsky Memorial 7th"]
[Site "Samara"]
[Date "2017.07.16"]
[Round "9"]
[White "Vdovin, Maxim"]
[Black "Fakhretdinov, Rinat"]
[Result "0-1"]
[WhiteElo "1975"]
[BlackElo "2215"]
[PlyCount "66"]
[EventDate "2017.07.08"]
[EventType "swiss"]
[EventRounds "9"]
[EventCountry "RUS"]
[SourceTitle "EXT 2018"]
[Source "ChessBase"]
[SourceDate "2017.10.13"]
[SourceVersion "1"]
[SourceVersionDate "2017.10.13"]
[SourceQuality "1"]

1. d4 Nf6 2. Nf3 e6 3. c4 b6 4. g3 Ba6 5. b3 Bb4+ 6. Bd2 Be7 7. Bg2 c6 8. 0-0 d5 9. Ne5 0-0 10. cxd5 cxd5 11. Nc3 Nfd7 12. Nxd7 Qxd7 13. Re1 f5 14. Rc1 Nc6 15. Be3 Ba3 16. Rb1 Rac8 17. Bc1 Bb4 18. Bb2 Na5 19. Qd2 Rc6 20. Rec1 Rfc8 21. Qe3 Kf7 22. a3 Be7 23. Na2 Rc2 24. Bf1 Qb5 25. Rxc2 Rxc2 26. Nc1 Qc6 27. Nd3 Bxd3 28. Qxd3 Nb7 29. e3 Nd6 30. f3 Bg5 31. Be2 Rxb2 32. Rxb2 Qc1+ 33. Kf2 Qxb2 0-1

[Event "Samara Polugaevsky Memorial 7th"]
[Site "Samara"]
[Date "2017.07.11"]
[Round "4"]
[White "Vdovin, Maxim"]
[Black "Lysenko, Margarita"]
[Result "1/2-1/2"]
[WhiteElo "1975"]
[BlackElo "2182"]
[PlyCount "81"]
[EventDate "2017.07.08"]
[EventType "swiss"]
[EventRounds "9"]
[EventCountry "RUS"]
[SourceTitle "EXT 2018"]
[Source "ChessBase"]
[SourceDate "2017.10.13"]
[SourceVersion "1"]
[SourceVersionDate "2017.10.13"]
[SourceQuality "1"]

1. d4 d5 2. Nf3 Nf6 3. c4 c6 4. Nc3 a6 5. e3 b5 6. b3 Bf5 7. Bd3 Bxd3 8. Qxd3 e6 9. 0-0 Nbd7 10. Bb2 Be7 11. Rac1 0-0 12. cxd5 cxd5 13. Rc2 Qb6 14. Rfc1 Qb7 15. Ne2 Rfc8 16. h3 Ne4 17. Nd2 Rxc2 18. Qxc2 Nxd2 19. Qxd2 Rc8 20. Rxc8+ Qxc8 21. Qc3 Qxc3 22. Nxc3 Nb6 23. a4 bxa4 24. Nxa4 Nxa4 25. bxa4 Bb4 26. Kf1 Kf8 27. Ke2 Ke7 28. Kd3 Kd6 29. Bc3 Bxc3 30. Kxc3 a5 31. Kd3 f6 32. f4 f5 33. Ke2 Ke7 34. Kf3 Kf6 35. g3 h6 36. Kg2 g6 37. Kf2 Kf7 38. Kg2 h5 39. h4 Kf6 40. Kf3 Ke7 41. Ke2 1/2-1/2

[Event "Zudov Memorial 12th"]
[Site "Nizhnij Tagil"]
[Date "2016.09.09"]
[Round "2"]
[White "Vdovin, Maxim"]
[Black "Vokarev, Sergey"]
[Result "0-1"]
[WhiteElo "1987"]
[BlackElo "2448"]
[PlyCount "58"]
[EventDate "2016.09.08"]
[EventType "swiss"]
[EventRounds "9"]
[EventCountry "RUS"]
[SourceTitle "CBM 174 Extra"]
[Source "ChessBase"]
[SourceDate "2016.10.10"]
[SourceVersion "1"]
[SourceVersionDate "2016.10.10"]
[SourceQuality "1"]

1. d4 d5 2. Nf3 Nf6 3. g3 e6 4. Bg2 Be7 5. 0-0 0-0 6. c4 c6 7. Nbd2 b6 8. Qc2 Bb7 9. b3 Nbd7 10. Bb2 c5 11. Rad1 Rc8 12. Qb1 Qc7 13. Rfe1 Rfd8 14. cxd5 Nxd5 15. e4 N5f6 16. Nc4 b5 17. Ncd2 cxd4 18. Bxd4 Bc5 19. b4 Bxd4 20. Nxd4 Qb6 21. N2b3 g6 22. Rc1 Rc4 23. Rxc4 bxc4 24. Nc5 Nxc5 25. bxc5 Qxb1 26. Rxb1 Rxd4 27. e5 Nd5 28. Rxb7 c3 29. Rb1 c2 0-1

[Event "Samara Polugaevsky Memorial 6th"]
[Site "Samara"]
[Date "2016.07.10"]
[Round "8"]
[White "Vdovin, Maxim"]
[Black "Vazhenin, Alexei"]
[Result "1/2-1/2"]
[WhiteElo "1935"]
[BlackElo "2173"]
[PlyCount "87"]
[EventDate "2016.07.03"]
[EventType "swiss"]
[EventRounds "9"]
[EventCountry "RUS"]
[SourceTitle "EXT 2019"]
[Source "ChessBase"]
[SourceDate "2018.10.10"]
[SourceVersion "1"]
[SourceVersionDate "2018.10.10"]
[SourceQuality "1"]

1. d4 Nf6 2. Nf3 g6 3. g3 Bg7 4. Bg2 0-0 5. c4 c5 6. 0-0 Nc6 7. d5 Na5 8. Qc2 d6 9. e4 a6 10. Nbd2 b5 11. Rb1 Nxc4 12. Nxc4 bxc4 13. Nd2 Ng4 14. Nxc4 Ne5 15. b3 Nxc4 16. bxc4 Bd7 17. Bb2 Bxb2 18. Rxb2 Qc7 19. f4 Rab8 20. Rfb1 Rb4 21. a3 Ba4 22. Qc3 Rbb8 23. Bf3 Bd7 24. Kg2 e6 25. e5 exd5 26. cxd5 Bf5 27. exd6 Rxb2+ 28. Rxb2 Qxd6 29. Qe5 Rd8 30. Rb7 c4 31. Qxd6 Rxd6 32. Rc7 Bd3 33. Rc6 Rxc6 34. dxc6 c3 35. c7 Bf5 36. Bd1 Kf8 37. Bc2 Bc8 38. Kf2 Ke7 39. Ke3 Kd6 40. Kd4 Kxc7 41. Kxc3 h6 42. h4 Be6 43. Kd4 Kd6 44. Be4 1/2-1/2

[Event "Samara Polugaevsky Memorial 6th"]
[Site "Samara"]
[Date "2016.07.07"]
[Round "5"]
[White "Abdildayeva, Laura"]
[Black "Vdovin, Maxim"]
[Result "0-1"]
[WhiteElo "1612"]
[BlackElo "1935"]
[PlyCount "70"]
[EventDate "2016.07.03"]
[EventType "swiss"]
[EventRounds "9"]
[EventCountry "RUS"]
[SourceTitle "EXT 2019"]
[Source "ChessBase"]
[SourceDate "2018.10.10"]
[SourceVersion "1"]
[SourceVersionDate "2018.10.10"]
[SourceQuality "1"]

1. e4 e5 2. Nf3 Nf6 3. d3 Nc6 4. g3 d5 5. exd5 Nxd5 6. Bg2 Bg4 7. c3 Be7 8. 0-0 0-0 9. Re1 Re8 10. h3 Bxf3 11. Bxf3 Qd7 12. Qc2 Rad8 13. Bg2 Bc5 14. b4 Bb6 15. Nd2 Ncxb4 16. cxb4 Nxb4 17. Qb3 Nxd3 18. Re2 Qd4 19. Rb1 Nxf2 20. Kh2 Nd3 21. Nf3 Qd7 22. Bg5 Rc8 23. Rd1 e4 24. Nh4 h6 25. Be3 c5 26. Qc4 Qe6 27. Qxe4 Qxe4 28. Bxe4 Rxe4 29. Rxd3 Rc7 30. Rc3 c4 31. Ra3 c3 32. Ra4 Rxe3 33. Rxe3 Bxe3 34. Nf5 c2 35. Ne7+ Kh7 0-1

[Event "Samara Polugaevsky Memorial 6th"]
[Site "Samara"]
[Date "2016.07.03"]
[Round "1"]
[White "Bykov, Oleg1111"]
[Black "Vdovin, Maxim"]
[Result "1-0"]
[WhiteElo "2348"]
[BlackElo "1935"]
[PlyCount "77"]
[EventDate "2016.07.03"]
[EventType "swiss"]
[EventRounds "9"]
[EventCountry "RUS"]
[SourceTitle "EXT 2019"]
[Source "ChessBase"]
[SourceDate "2018.10.10"]
[SourceVersion "1"]
[SourceVersionDate "2018.10.10"]
[SourceQuality "1"]

1. Nf3 Nf6 2. c4 e6 3. g3 b6 4. Bg2 Bb7 5. 0-0 Be7 6. Nc3 0-0 7. Re1 d5 8. cxd5 exd5 9. d4 Nbd7 10. Bf4 c5 11. Rc1 Rc8 12. Ne5 cxd4 13. Qxd4 Bc5 14. Qa4 Nxe5 15. Bxe5 Qe7 16. Bd4 Bc6 17. Qd1 Rfd8 18. e3 h6 19. Qb3 Bxd4 20. exd4 Qd7 21. Rcd1 Re8 22. Re5 Rcd8 23. Rde1 Ng4 24. R5e2 Rxe2 25. Rxe2 Re8 26. Qd1 Rxe2 27. Qxe2 Nf6 28. Qe5 Kh7 29. h3 b5 30. b4 Kg8 31. g4 Kf8 32. f4 Qe7 33. a3 a5 34. Qxe7+ Kxe7 35. bxa5 Kd6 36. Kf2 Kc7 37. g5 Ne4+ 38. Bxe4 dxe4 39. Ke3 1-0

[Event "Samara Polugaevsky Memorial 5th"]
[Site "Samara"]
[Date "2015.07.04"]
[Round "2"]
[White "Guliev, Gasan"]
[Black "Vdovin, Maxim"]
[Result "1-0"]
[WhiteElo "2069"]
[BlackElo "1701"]
[PlyCount "73"]
[EventDate "2015.07.03"]
[EventType "swiss"]
[EventRounds "9"]
[EventCountry "RUS"]
[SourceTitle "EXT 2017"]
[Source "ChessBase"]
[SourceDate "2016.10.25"]
[SourceVersion "1"]
[SourceVersionDate "2016.10.25"]
[SourceQuality "1"]

1. e4 e5 2. Nf3 Nf6 3. Nxe5 d6 4. Nf3 Nxe4 5. d4 d5 6. Bd3 Bd6 7. 0-0 0-0 8. c4 c6 9. cxd5 cxd5 10. Nc3 Nxc3 11. bxc3 Bg4 12. h3 Bh5 13. Rb1 Nd7 14. Rxb7 Nb6 15. Ba6 Bc7 16. g4 Bg6 17. Ne5 f6 18. Nxg6 hxg6 19. Qd3 f5 20. Ba3 Rf7 21. Qe2 Qh4 22. Kg2 Qh6 23. Qe3 Qh4 24. Be2 Qf6 25. Bb5 fxg4 26. hxg4 Qh4 27. Qh3 Qxh3+ 28. Kxh3 Rf3+ 29. Kg2 Rxc3 30. Bb4 Rc2 31. Bc5 Bf4 32. Bd3 Rxa2 33. Bxg6 Bh6 34. Rh1 Na4 35. Bd6 Rd8 36. Rxh6 gxh6 37. Bh7+ 1-0

[Event "Samara Polugaevsky Memorial 5th"]
[Site "Samara"]
[Date "2015.07.03"]
[Round "1"]
[White "Vdovin, Maxim"]
[Black "Ovchinnikov, Vsevolod"]
[Result "0-1"]
[WhiteElo "1701"]
[BlackElo "2231"]
[PlyCount "50"]
[EventDate "2015.07.03"]
[EventType "swiss"]
[EventRounds "9"]
[EventCountry "RUS"]
[SourceTitle "EXT 2017"]
[Source "ChessBase"]
[SourceDate "2016.10.25"]
[SourceVersion "1"]
[SourceVersionDate "2016.10.25"]
[SourceQuality "1"]

1. e4 e6 2. d4 d5 3. exd5 exd5 4. Nf3 Bd6 5. Bd3 Ne7 6. 0-0 0-0 7. Nc3 c6 8. h3 Bf5 9. Ne2 Bxd3 10. Qxd3 Ng6 11. Bg5 f6 12. Be3 Nd7 13. Qd2 Qc7 14. Rfe1 Rae8 15. Qc1 f5 16. c4 Bb4 17. Bd2 Bxd2 18. Nxd2 Nf6 19. c5 Re7 20. Ng3 Ne4 21. Ngf1 Nf4 22. Qc2 Rf6 23. f3 Nxh3+ 24. gxh3 Rg6+ 25. Kh1 Nf2# 0-1

[Event "Samara Polugaevsky Memorial 4th"]
[Site "Samara"]
[Date "2014.07.07"]
[Round "6"]
[White "Vdovin, Maxim"]
[Black "Trifonov, Jaroslav"]
[Result "0-1"]
[WhiteElo "1760"]
[BlackElo "1663"]
[PlyCount "78"]
[EventDate "2014.07.02"]
[EventType "swiss"]
[EventRounds "9"]
[EventCountry "RUS"]
[SourceTitle "CBM 161 Extra"]
[Source "ChessBase"]
[SourceDate "2014.08.29"]
[SourceVersion "1"]
[SourceVersionDate "2014.08.29"]
[SourceQuality "1"]

1. d4 Nf6 2. g3 g6 3. c4 d5 4. cxd5 Bg7 5. Bg2 Nxd5 6. e4 Nb6 7. Be3 c5 8. e5 cxd4 9. Bxd4 Nc6 10. Bxc6+ bxc6 11. Ne2 Qd5 12. 0-0 Bxe5 13. Nbc3 Qd6 14. Bxe5 Qxe5 15. Nd4 Bb7 16. Re1 Qc7 17. Qe2 Rd8 18. Rac1 a6 19. Nb3 Nd5 20. Nc5 a5 21. Nxd5 Rxd5 22. Nxb7 Qxb7 23. Rxc6 0-0 24. Qc4 e6 25. Qc3 Rfd8 26. Rc7 Qb6 27. Re7 R8d6 28. Qf6 Rf5 29. Qh4 g5 30. Qe4 Qc5 31. Re2 Rd1+ 32. Kg2 Qc1 33. Kh3 Rg1 34. f4 Qf1+ 35. Rg2 g4+ 36. Kxg4 Qxg2 37. Re8+ Kg7 38. Qd4+ Kh6 39. Qd3 Qxh2 0-1

[Event "Samara op rapid"]
[Site "Samara"]
[Date "2012.12.08"]
[Round "1"]
[White "Alavkin, Arseny Nailievich"]
[Black "Vdovin, Maxim"]
[Result "1-0"]
[WhiteElo "2401"]
[BlackElo "1795"]
[PlyCount "27"]
[EventDate "2012.12.08"]
[EventType "swiss (rapid)"]
[EventRounds "9"]
[EventCountry "RUS"]
[SourceTitle "EXT 2015"]
[Source "ChessBase"]
[SourceDate "2014.11.20"]
[SourceVersion "1"]
[SourceVersionDate "2014.11.20"]
[SourceQuality "1"]

1. e4 c5 2. c3 d5 3. exd5 Qxd5 4. Nf3 Nf6 5. Na3 a6 6. Be2 Bf5 7. Nc4 Nbd7 8. Ne3 Qe6 9. Bc4 Qc6 10. Nxf5 Qe4+ 11. Ne3 Ng4 12. Bxf7+ Kd8 13. 0-0 Nge5 14. Ng5 1-0

[Event "Anapa op"]
[Site "Anapa"]
[Date "2012.09.02"]
[Round "3"]
[White "Vdovin, Maxim"]
[Black "Makeev, Nikolay"]
[Result "0-1"]
[WhiteElo "1798"]
[BlackElo "2049"]
[PlyCount "92"]
[EventDate "2012.08.30"]
[EventType "swiss"]
[EventRounds "9"]
[EventCountry "RUS"]
[SourceTitle "CBM 150 Extra"]
[Source "ChessBase"]
[SourceDate "2012.10.19"]
[SourceVersion "1"]
[SourceVersionDate "2012.10.19"]
[SourceQuality "1"]

1. e4 c5 2. d4 cxd4 3. c3 dxc3 4. Nxc3 Nc6 5. Nf3 g6 6. h4 h5 7. Bc4 Nf6 8. Bf4 Bg7 9. 0-0 0-0 10. Re1 d6 11. Qd2 Ng4 12. Rad1 Nge5 13. Nxe5 Nxe5 14. Bxe5 Bxe5 15. Qh6 e6 16. g3 Qb6 17. Na4 Qc6 18. Bb3 b5 19. Rc1 Qa6 20. Nc3 Qb6 21. Kg2 a5 22. Rc2 a4 23. Nd5 Qd8 24. Rec1 Bd7 25. Nc7 axb3 26. axb3 Ra2 27. Qd2 Qe7 28. f4 Bg7 29. Rd1 d5 30. exd5 exd5 31. Nxd5 Qe4+ 32. Kh2 Bf5 33. Ne3 Raa8 34. Nxf5 Qxf5 35. b4 Rac8 36. Rdc1 Rxc2 37. Rxc2 Rc8 38. Rxc8+ Qxc8 39. Kg2 Qc4 40. Qe1 Bxb2 41. Qe8+ Kg7 42. Qe7 Bc3 43. f5 Qd5+ 44. Kh2 Qxf5 45. Qe3 Qe5 46. Qxe5+ Bxe5 0-1

[Event "Samara Polugaevsky Memorial 2nd"]
[Site "Samara"]
[Date "2012.07.12"]
[Round "8"]
[White "Chekletsov, Ilya"]
[Black "Vdovin, Maxim"]
[Result "0-1"]
[WhiteElo "2021"]
[BlackElo "1752"]
[PlyCount "64"]
[EventDate "2012.07.05"]
[EventType "swiss"]
[EventRounds "9"]
[EventCountry "RUS"]
[SourceTitle "CBM 149 Extra"]
[Source "ChessBase"]
[SourceDate "2012.08.24"]
[SourceVersion "1"]
[SourceVersionDate "2012.08.24"]
[SourceQuality "1"]

1. d4 Nf6 2. c4 g6 3. Nc3 Bg7 4. e4 d6 5. h3 0-0 6. Nf3 Nbd7 7. Be3 e5 8. d5 a6 9. g4 Rb8 10. Nd2 a5 11. Be2 Nc5 12. h4 c6 13. h5 cxd5 14. cxd5 b5 15. g5 Ne8 16. Nxb5 Ba6 17. a4 Nc7 18. f3 Nxb5 19. axb5 Bxb5 20. hxg6 fxg6 21. Bxb5 Rxb5 22. Qe2 Rb7 23. Qh2 Bh8 24. Ke2 Qd7 25. Nc4 Qb5 26. Rac1 Nb3 27. Rc3 Rc8 28. Kd3 Rxc4 29. Rxc4 Rc7 30. Qc2 a4 31. Bb6 Rc8 32. Qc3 Nd2 0-1

[Event "Samara Polugaevsky Memorial 2nd"]
[Site "Samara"]
[Date "2012.07.10"]
[Round "6"]
[White "Vdovin, Maxim"]
[Black "Zernov, Egor"]
[Result "1-0"]
[WhiteElo "1752"]
[BlackElo "1498"]
[PlyCount "129"]
[EventDate "2012.07.05"]
[EventType "swiss"]
[EventRounds "9"]
[EventCountry "RUS"]
[SourceTitle "CBM 149 Extra"]
[Source "ChessBase"]
[SourceDate "2012.08.24"]
[SourceVersion "1"]
[SourceVersionDate "2012.08.24"]
[SourceQuality "1"]

1. e4 c5 2. d4 cxd4 3. c3 dxc3 4. Nxc3 Nc6 5. Nf3 g6 6. h4 Bg7 7. h5 Nf6 8. h6 Bf8 9. Bc4 d6 10. e5 dxe5 11. Qxd8+ Kxd8 12. Ng5 Nd4 13. Nxf7+ Kc7 14. Nxh8 Nc2+ 15. Kd1 Nxa1 16. Be3 Bf5 17. Nb5+ Kc6 18. Nf7 Ng4 19. Na3 e6 20. Be2 Bxa3 21. bxa3 Nxe3+ 22. fxe3 Nc2 23. Nxe5+ Kd5 24. Nc4 b5 25. Bf3+ Be4 26. Bxe4+ Kxe4 27. Rh4+ Kd3 28. Ne5+ Kc3 29. Rh3 Rd8+ 30. Kc1 Rc8 31. Kd1 Kb2 32. Nf7 Kxa2 33. Ng5 Rc7 34. Nxe6 Re7 35. Kxc2 Rxe6 36. Rf3 Kxa3 37. Rf7 Ra6 38. Rxh7 b4 39. Rb7 Rc6+ 40. Kb1 Rc8 41. Rxa7+ Kb3 42. h7 Rd8 43. Kc1 Rc8+ 44. Kd1 Rd8+ 45. Ke2 Kc2 46. Rc7+ Kb3 47. Kf3 Ka2 48. Ra7+ Kb3 49. Kg4 Kc2 50. Kg5 b3 51. Rc7+ Kd3 52. Rb7 Kc2 53. Kxg6 b2 54. Kg7 b1Q 55. Rxb1 Rd7+ 56. Kg6 Rd6+ 57. Kf5 Rh6 58. Rb7 Kd3 59. Kg5 Rh2 60. g4 Kxe3 61. Kg6 Rh4 62. g5 Kf4 63. Kg7 Rh5 64. h8Q Rxg5+ 65. Kf7 1-0

[Event "Samara Polugaevsky Memorial 2nd"]
[Site "Samara"]
[Date "2012.07.06"]
[Round "2"]
[White "Afanasiev, Dmitry1111"]
[Black "Vdovin, Maxim"]
[Result "1-0"]
[WhiteElo "2068"]
[BlackElo "1752"]
[PlyCount "65"]
[EventDate "2012.07.05"]
[EventType "swiss"]
[EventRounds "9"]
[EventCountry "RUS"]
[SourceTitle "CBM 149 Extra"]
[Source "ChessBase"]
[SourceDate "2012.08.24"]
[SourceVersion "1"]
[SourceVersionDate "2012.08.24"]
[SourceQuality "1"]

1. e4 c5 2. Nf3 d6 3. d4 cxd4 4. Nxd4 Nf6 5. Nc3 g6 6. Be3 Bg7 7. f3 0-0 8. Qd2 Nc6 9. Bc4 Bd7 10. h4 Rc8 11. Bb3 h5 12. 0-0-0 Na5 13. Kb1 Nxb3 14. axb3 b5 15. g4 a5 16. Bh6 a4 17. Nf5 Bxf5 18. gxf5 axb3 19. cxb3 Nd7 20. Rhg1 Ne5 21. Rg3 Ra8 22. Nd5 Re8 23. Bxg7 Kxg7 24. fxg6 fxg6 25. Nf4 Kh7 26. Nxg6 Qa5 27. Qxa5 Rxa5 28. Nxe5 dxe5 29. Rd5 Rea8 30. Rxe5 Ra1+ 31. Kc2 Rc8+ 32. Kd2 Rb1 33. Rxh5# 1-0